| 000 | 01002cam a22003017a 4500 | ||
|---|---|---|---|
| 003 | CHAP | ||
| 005 | 20220817040808.0 | ||
| 008 | 971013s1989 r 10010 d | ||
| 010 | _a445 | ||
| 011 | _a1417 | ||
| 035 | _a593 | ||
| 040 | _cCHAP | ||
| 090 | _aFolleto 12435 | ||
| 111 | 0 | 0 |
_aCongreso Nacional sobre Floricultura en México _n(1 _d: 1989 _c: Toluca, Méx.) _927131 |
| 245 | 0 | _aPrograma | |
| 260 |
_aToluca, Edo. de México : _bUniversidad Autónoma del Estado de México, _c1989 |
||
| 300 | _a11 h. | ||
| 590 |
_aBATCH-UPD _b10 _c20130110 _lUCH01 _h1306 |
||
| 590 |
_aBATCH-UPD _b10 _c20130410 _lUCH01 _h0822 |
||
| 590 |
_aBATCH-UPD _b10 _c20130914 _lUCH01 _h1035 |
||
| 590 |
_aCONVERSION _b10 _c20130109 _lUCH01 _h1302 |
||
| 650 | 1 | 4 |
_aFloricultura _zMéxico. _941852 |
| 710 | 0 | _aConsejo Nacional de Ciencia y Tecnología. México. | |
| 710 | 0 | _aMéxico. Dirección General de Planeación Educativa. | |
| 901 | _aBK | ||
| 942 | _cFOLL | ||
| 949 |
_aFolleto 12435 _bBC _cFOLL _d-10046 _eTS1 _i593 _si |
||
| 999 |
_c445 _d445 |
||